Obálka Náhled e-knihy:
Epub
Pro půjčování e-knih musíte být přihlášeni.
Jak si půjčit online?

Rozmarné léto /

Příběh tří dnů a tří nocí, v nichž zálety a milostná dobrodružství s nenadálými hosty nakrátko rozbouří poklidný život v malém městečku na řece Orši, Krokových Varech. Život kanovníka, bývalého majora, lázeňského a jeho žárlivé ženy Kateřiny zcela naruby obrátí kouzelník a krásná Anna. Kouzlo Rozmar...

Celý popis

Uloženo v:
Hlavní autor: Vančura, Vladislav (Autor)
Médium: E-kniha
Jazyk:Czech
Vydáno: Praha : Artis, 2023
Tagy:
Žádné tagy
LEADER 01480nam a22002297i 4500
001 311968
007 ta
008 260601s2023 xr ||||| |||| 00| 0 cze d
020 |a 9990003788924 
044 |a xr 
100 1 |a  Vančura, Vladislav  |4 aut 
245 1 0 |a Rozmarné léto /  |c  Vančura, Vladislav 
264 1 |a Praha :  |b Artis,  |c 2023 
300 |a 1 online zdroj (58 stran) 
336 |a text  |b txt  |2 rdacontent 
337 |a bez média  |b n  |2 rdamedia 
338 |a online zdroj  |b cr  |2 rdacarrier 
520 2 |a Příběh tří dnů a tří nocí, v nichž zálety a milostná dobrodružství s nenadálými hosty nakrátko rozbouří poklidný život v malém městečku na řece Orši, Krokových Varech. Život kanovníka, bývalého majora, lázeňského a jeho žárlivé ženy Kateřiny zcela naruby obrátí kouzelník a krásná Anna. Kouzlo Rozmarného léta nespočívá ani tak v příběhu samotném, jako v dokonalém vystižení atmosféry ospalého českého maloměsta a ve Vančurově dokonalé a bohaté češtině. Podle románu natočil Jiří Menzel neméně kouzelný film. 
910 |a RBIT002 
998 |d 378892  |a https://core.palmknihy.cz/api/books/378892/cover?rw6m0b  |b https://core.palmknihy.cz/api/books/378892/cover/400?rw6m0b  |c https://core.palmknihy.cz/api/books/378892/cover/50?rw6m0b  |e 2099-12-01  |g 58  |i 9990003788924  |j https://core.palmknihy.cz/api/books/378892/preview.epub  |l   |q 49  |r 1  |s https://www.palmknihy.cz/kniha/378892  |t ebook  |y 2023  |z 1 
999 |d 311966